Le S.I. démystifié : Neuf scènes de la vie quotidienne d'un DSI (notice n° 2177492)

détails MARC
000 -LEADER
fixed length control field 01196cam a2200133 4500500
005 - DATE AND TIME OF LATEST TRANSACTION
control field 20260405051357.0
041 ## - LANGUAGE CODE
Language code of text/sound track or separate title fre
042 ## - AUTHENTICATION CODE
Authentication code dc
100 10 - MAIN ENTRY--PERSONAL NAME
Personal name Caseau, Yves
Relator term author
245 00 - TITLE STATEMENT
Title Le S.I. démystifié : Neuf scènes de la vie quotidienne d'un DSI
260 ## - PUBLICATION, DISTRIBUTION, ETC.
Name of publisher, distributor, etc. Dunod,<br/>
Date of publication, distribution, etc. 2012.<br/>
520 ## - SUMMARY, ETC.
Summary, etc. Cet ouvrage est construit en chapitres qui correspondent à des questions-clé qui reviennent régulièrement dès que l'on est amené à travailler "avec" ou "pour" un système d'information telles que le retour sur investissement, la création de valeur, l'équilibre ressources internes/ressources externes, l'avantage compétitif... L'ouvrage met en scène les dirigeants des principaux départements d'une société fictive (direction générale, DSI, direction de la production, direction commerciale, RH...) avec leurs exigences et leurs contraintes en termes de système d'information.. Cette nouvelle version a été à la fois actualisée et simplifiée, et des dessins humoristiques ont été ajoutés pour la rendre plus accessible dans sa lecture et sa présentation.
856 41 - ELECTRONIC LOCATION AND ACCESS
Uniform Resource Identifier <a href="https://stm.cairn.info/le-s-i-demystifie--9782100576357?lang=fr&redirect-ssocas=7080">https://stm.cairn.info/le-s-i-demystifie--9782100576357?lang=fr&redirect-ssocas=7080</a>

Pas d'exemplaire disponible.

PLUDOC

PLUDOC est la plateforme unique et centralisée de gestion des bibliothèques physiques et numériques de Guinée administré par le CEDUST. Elle est la plus grande base de données de ressources documentaires pour les Étudiants, Enseignants chercheurs et Chercheurs de Guinée.

Adresse

627 919 101/664 919 101

25 boulevard du commerce
Kaloum, Conakry, Guinée

Réseaux sociaux

Powered by Netsen Group @ 2025